| 000 | 00512nam a22001697a 4500 | ||
|---|---|---|---|
| 003 | OSt | ||
| 005 | 20140310182508.0 | ||
| 008 | 130807t xxu||||| |||| 00| 0 eng d | ||
| 020 | _a0451527496 | ||
| 050 |
_aPJ 7716 _b.B974 1999 |
||
| 100 |
_aBurton, Richard F. _98951 |
||
| 245 |
_aArabian nights. Volume II : _bmore marvels and wonders of the thousand and one nights / _cRichard F. Burton. |
||
| 260 |
_aUSA : _bPeguin Books, _cc1999. |
||
| 300 |
_a419 p. : _c17 cm. |
||
| 942 |
_2lcc _cSSLC |
||
| 999 |
_c13881 _d13881 |
||